Fr. Conceicao Rodrigues College of Engineering

Computer Graphics (Record no. 25047)

MARC details
000 -LEADER
fixed length control field 00367nam a2200169Ia 4500
082 ## - DEWEY DECIMAL CLASSIFICATION NUMBER
Classification number 6.6
Item number SIN
100 ## - MAIN ENTRY--PERSONAL NAME
Personal name Sinha/Amarendra N/ Udai/Arun D
245 ## - TITLE STATEMENT
Title Computer Graphics
260 ## - PUBLICATION, DISTRIBUTION, ETC.
Name of publisher, distributor, etc. McGraw Hill
Date of publication, distribution, etc. 2008
366 ## - TRADE AVAILABILITY INFORMATION
Publishers's discount category 25
300 ## - PHYSICAL DESCRIPTION
Extent 471
546 ## - LANGUAGE NOTE
Language note ENGLISH
-- PAMPHALETS
650 ## - SUBJECT ADDED ENTRY--TOPICAL TERM
Topical term or geographic name entry element Computer graphics
654 ## - SUBJECT ADDED ENTRY--FACETED TOPICAL TERMS
Focus term graphics
942 ## - ADDED ENTRY ELEMENTS (KOHA)
Koha item type BOOK
Holdings
Withdrawn status Lost status Damaged status Not for loan Collection Home library Current library Date acquired Source of acquisition Cost, normal purchase price Inventory number Total Checkouts Total Renewals Full call number Barcode Date last seen Date last checked out Cost, replacement price Price effective from Koha item type
        CRC Fr. Agnel's C.Rodrigues College of Engineering Fr. Agnel's C.Rodrigues College of Engineering 17/03/2023 Allied Publishers 581.25 1807 dt 06.01.2014 1 1 6.6 SIN 23053 02/12/2023 10/11/2023 775.00   BOOK
        CRC Fr. Agnel's C.Rodrigues College of Engineering Fr. Agnel's C.Rodrigues College of Engineering 17/03/2023 Allied Publishers 581.25 1807 dt 06.01.2014     6.6 SIN 23054 17/03/2023   775.00   BOOK